| 000 | 01016nam a22001937a 4500 | ||
|---|---|---|---|
| 999 |
_c58136 _d58136 |
||
| 005 | 20210701121516.0 | ||
| 008 | 210625s2019 eng||||| |||| 00| 0 eng d | ||
| 020 | _a9789811363078 | ||
| 041 | _aeng | ||
| 080 | _a364-22-056+376.2 F-22 | ||
| 245 |
_aFamily, School, and Community Partnerships for Students with Disabilities / _cEditors Lusa Lo, Xu Yaoying. |
||
| 264 |
_aBoston: _bSpringer, _c2019. |
||
| 300 |
_a177 p.; _b24 cm. |
||
| 653 | _aსაოჯახო, სასკოლო და საზოგადოებრივი პარტნიორობა შეზღუდული შესაძლებლობის მქონე სტუდენტებისთვის | ||
| 653 | _aПартнерство семьи, школы и сообщества для учащихся с ограниченными возможностями | ||
| 700 |
_aLo, Lusa _eრედაქტორი _912127 |
||
| 700 |
_a Yaoying, Xu _eრედაქტორი _912128 |
||
| 942 |
_2udc _cBK |
||